| 000 | 00397nam a22001577a 4500 | ||
|---|---|---|---|
| 003 | OSt | ||
| 005 | 20251108154405.0 | ||
| 008 | 251108b |||||||| |||| 00| 0 eng d | ||
| 020 | _a9789355014450 | ||
| 040 | _cIIMT UNIVERSITY, MEERUT | ||
| 100 | _aR S Khurmi, J K Gupta | ||
| 245 | _aMechanical Engineering | ||
| 260 |
_aNEW DELHI _bS. Chand Publishing _c2023 |
||
| 300 | _a657 | ||
| 942 |
_2ddc _c02 |
||
| 999 |
_c66757 _d66757 |
||